Call of Duty 4: Maps by Minimap - Statistics

General Stats
  • This quiz has been taken 108 times
  • The average score is 8 of 13
Answer Stats
Picture Answer % Correct
Shipment
91%
Wet Work
77%
Vacant
74%
Crash
68%
Crossfire
62%
Killhouse
62%
Overgrown
57%
Broadcast
56%
Backlot
51%
Bloc
48%
Strike
48%
Ambush
46%
Creek
45%
No matching quizzes found
Score Distribution
Percent of People with Each Score
Percentile by Number Answered
Your Score History
You have not taken this quiz